[Event "ICS rated blitz match"]
[Site "207.99.83.229"]
[Date "1999.07.22"]
[Round "?"]
[White "Hossa"]
[Black "nicklasone"]
[Result "1-0"]
[WhiteElo "2418"]
[BlackElo "2088"]
[PlyCount "75"]
[EventDate "1999.??.??"]

1. d4 Nf6 2. c4 d6 3. Nc3 g6 4. e4 Bg7 5. f3 b6 6. Bd3 a6 7. Nge2 c5 8. d5 e6
9. Bg5 h6 10. Bxf6 Qxf6 11. Qb3 Nd7 12. O-O O-O 13. Rae1 Ne5 14. Rd1 b5 15.
cxb5 axb5 16. Bxb5 Rb8 17. Qa4 c4 18. dxe6 fxe6 19. Rxd6 Qe7 20. Qa3 Nd3 21. f4
Nxb2 22. e5 g5 23. Qxb2 gxf4 24. Rc6 Bxe5 25. Rxc4 Ba6 26. a4 Qg7 27. h3 f3 28.
Rg4 fxe2 29. Rxg7+ Kxg7 30. Qxe2 Bd4+ 31. Kh2 Bxc3 32. Qg4+ Kh8 33. Rxf8+ Rxf8
34. Bxa6 Be5+ 35. Kg1 Rb8 36. a5 Rb1+ 37. Kf2 Rb2+ 38. Be2 {nicklasone resigns}
1-0

[Event "ICS Rated blitz match"]
[Site "207.99.83.229"]
[Date "1999.07.22"]
[Round "?"]
[White "nicklasone"]
[Black "Hossa"]
[Result "0-1"]
[WhiteElo "2084"]
[BlackElo "2422"]
[PlyCount "66"]
[EventDate "1999.??.??"]

1. e4 Nf6 2. e5 Nd5 3. d4 d6 4. Bc4 Nb6 5. Bb3 a5 6. a4 dxe5 7. Qh5 e6 8. dxe5
Nc6 9. Nf3 Be7 10. Qg4 Rg8 11. O-O Kf8 12. Nc3 Nd5 13. Ne4 Bd7 14. Qh5 h6 15.
Bxh6 gxh6 16. Qxh6+ Ke8 17. Qh7 Rf8 18. h4 Rb8 19. h5 Rc8 20. Qg7 Nf4 21. h6 f5
22. Neg5 Bxg5 23. Nxg5 Nxe5 24. h7 Qxg5 25. Qxg5 Nf3+ 26. gxf3 Nh3+ 27. Kh1
Nxg5 28. Rfe1 Rh8 29. Kg2 Rxh7 30. Rad1 Rd8 31. f4 Bc6+ 32. f3 Rxd1 33. Rxd1
33... Bxf3+ {nicklasone resigns} 0-1

[Event "ICS rated blitz match"]
[Site "207.99.83.229"]
[Date "1999.07.22"]
[Round "?"]
[White "Hossa"]
[Black "SuperChicken"]
[Result "0-1"]
[WhiteElo "2426"]
[BlackElo "2743"]
[PlyCount "69"]
[EventDate "1999.??.??"]

1. d4 Nf6 2. c4 g6 3. Nc3 Bg7 4. e4 d6 5. f3 O-O 6. Be3 Nc6 7. Rb1 e6 8. Nge2
Bd7 9. Qb3 Na5 10. Qb4 b6 11. d5 Qe7 12. Rd1 Rac8 13. e5 Ne8 14. f4 f6 15. exd6
Nxd6 16. b3 Nab7 17. Qa3 Rfe8 18. Qa6 e5 19. Kf2 exf4 20. Bxf4 Ra8 21. Kg1 Nf5
22. b4 Qxb4 23. Nb5 Qc5+ 24. Nbd4 Nxd4 25. Nxd4 f5 26. g3 Bxd4+ 27. Kg2 Nd6 28.
Bxd6 cxd6 29. Qb7 Ba4 30. Rd2 Qb4 31. Re2 Bd1 32. Kh3 Qb1 33. Rxe8+ Rxe8 34.
Be2 Rxe2 35. Qb8+ {Hossa resigns} 0-1

[Event "ICS rated blitz match"]
[Site "207.99.83.229"]
[Date "1999.07.22"]
[Round "?"]
[White "Themaster69"]
[Black "Hossa"]
[Result "1-0"]
[WhiteElo "2833"]
[BlackElo "2427"]
[PlyCount "101"]
[EventDate "1999.??.??"]

1. e4 Nf6 2. Nc3 d5 3. e5 d4 4. exf6 dxc3 5. fxg7 cxd2+ 6. Qxd2 Qxd2+ 7. Bxd2
Bxg7 8. O-O-O Nc6 9. Bb5 Bd7 10. Nf3 h6 11. Rhe1 e6 12. Re3 O-O-O 13. Rd3 e5
14. Bc3 f6 15. Nh4 Nb8 16. Ng6 Rhe8 17. Bc4 e4 18. Rg3 h5 19. Bf7 Bg4 20. Re1
Bh6+ 21. Kb1 f5 22. Bxe8 Rxe8 23. h3 f4 24. Rd3 Be6 25. Rd4 Bf5 26. Nh4 Bh7 27.
Rd5 Nc6 28. Rxh5 Re6 29. Bd2 e3 30. fxe3 fxe3 31. Bxe3 Rxe3 32. Rxe3 Bxc2+ 33.
Kxc2 Bxe3 34. Rh8+ Nd8 35. Nf5 Bc5 36. g4 Kd7 37. Rh7+ Kc6 38. g5 Ne6 39. g6
Bf8 40. Rf7 Bc5 41. h4 a5 42. h5 b5 43. h6 Bd6 44. g7 Ng5 45. Nxd6 cxd6 46. Re7
a4 47. g8=Q Ne4 48. Qc8+ Kd5 49. Qb7+ Kc5 50. Rxe4 a3 51. b4# {Hossa checkmated
} 1-0

[Event "ICS rated blitz match"]
[Site "207.99.83.229"]
[Date "1999.07.22"]
[Round "?"]
[White "Hossa"]
[Black "Themaster69"]
[Result "0-1"]
[WhiteElo "2424"]
[BlackElo "2836"]
[PlyCount "91"]
[EventDate "1999.??.??"]

1. d4 d5 2. c4 e6 3. Nc3 c5 4. cxd5 exd5 5. Nf3 Nc6 6. g3 Nf6 7. Bg2 Be7 8. O-O
Be6 9. dxc5 Bxc5 10. Bg5 d4 11. Bxf6 Qxf6 12. Ne4 Qe7 13. Nxc5 Qxc5 14. Rc1 Qb4
15. Ng5 Qxb2 16. Rb1 Qxa2 17. Rxb7 Bd5 18. Bh3 O-O 19. Qd3 g6 20. Qb5 Rab8 21.
Rxb8 Rxb8 22. Qd3 Rb2 23. Re1 Bc4 24. Qf3 Rxe2 25. Rc1 Ne5 26. Qa8+ Kg7 27. Bf1
d3 28. Bxe2 Qd2 29. Rxc4 dxe2 30. Ne6+ fxe6 31. Qxa7+ Kf6 32. Rf4+ Qxf4 33.
gxf4 e1=Q+ 34. Kg2 Qe4+ 35. Kf1 Qh1+ 36. Ke2 Qf3+ 37. Kf1 Qh3+ 38. Ke1 Nd3+ 39.
Kd2 Nxf4 40. Qd4+ Kf5 41. Qe3 Qxh2 42. Kc2 Qg2 43. Kb2 h5 44. Ka3 Nd5 45. Qd3+
Qe4 46. Qb3 {Hossa resigns} 0-1

[Event "ICS rated blitz match"]
[Site "207.99.83.229"]
[Date "1999.07.22"]
[Round "?"]
[White "wimpy"]
[Black "Hossa"]
[Result "0-1"]
[WhiteElo "2052"]
[BlackElo "2421"]
[PlyCount "48"]
[EventDate "1999.??.??"]

1. d4 d5 2. c4 e6 3. Nc3 Nf6 4. Bg5 c6 5. Nf3 Nbd7 6. e3 Qa5 7. Qc2 Ne4 8. Bh4
Bb4 9. Rc1 Qxa2 10. cxd5 cxd5 11. Bd3 Bxc3+ 12. bxc3 Qxc2 13. Rxc2 Ndf6 14. Ke2
O-O 15. Rb1 Rb8 16. c4 Bd7 17. cxd5 exd5 18. Rc7 Bc6 19. Ra1 Ne8 20. Re7 N8d6
21. Rxa7 Nc8 22. Ra5 Nxe7 23. Bxe7 Ra8 24. Rxa8 24... Rxa8 {wimpy resigns} 0-1

[Event "ICS rated blitz match"]
[Site "207.99.83.229"]
[Date "1999.07.22"]
[Round "?"]
[White "Hossa"]
[Black "Talmoves"]
[Result "0-1"]
[WhiteElo "2424"]
[BlackElo "2650"]
[PlyCount "47"]
[EventDate "1999.??.??"]

1. d4 Nf6 2. c4 e6 3. Nc3 Bb4 4. Bg5 h6 5. Bh4 c5 6. d5 d6 7. Rc1 e5 8. a3
Bxc3+ 9. Rxc3 g5 10. Bg3 Ne4 11. Re3 Qa5+ 12. b4 cxb4 13. Qc1 bxa3+ 14. Kd1 a2
15. Ra3 Qb4 16. f3 Bd7 17. Rxa2 Nc3+ 18. Ke1 Nxa2+ 19. Qd2 Qxc4 20. h4 gxh4 21.
e4 Qb3 22. Bxh4 Nb4 23. Bf6 Nc2+ 24. Kf2 {Hossa resigns} 0-1

[Event "ICS rated blitz match"]
[Site "207.99.83.229"]
[Date "1999.07.22"]
[Round "?"]
[White "Talmoves"]
[Black "Hossa"]
[Result "1/2-1/2"]
[WhiteElo "2657"]
[BlackElo "2417"]
[PlyCount "185"]
[EventDate "1999.??.??"]

1. e4 Nf6 2. e5 Nd5 3. d4 d6 4. Nf3 Bg4 5. Be2 c6 6. Ng5 Bxe2 7. Qxe2 Qa5+ 8.
c3 dxe5 9. dxe5 e6 10. O-O Nd7 11. f4 Be7 12. Ne4 Nc5 13. Nbd2 Nxe4 14. Nxe4 b5
15. Bd2 O-O 16. Kh1 Qc7 17. b3 a5 18. a3 a4 19. c4 Nb6 20. c5 Nd5 21. b4 f6 22.
Nd6 fxe5 23. fxe5 Rxf1+ 24. Rxf1 Rf8 25. Rxf8+ Bxf8 26. Qg4 Qd7 27. h4 Bxd6 28.
exd6 Qf7 29. Bh6 Nf6 30. Qg3 Qg6 31. Qxg6 hxg6 32. Bg5 Nd7 33. Kh2 Kf7 34. Kg3
Ke8 35. Kf4 Kf7 36. Ke4 Ke8 37. Bc1 Kf7 38. Bb2 Kf8 39. Kf4 Kf7 40. g4 Nf8 41.
Ke4 Nd7 42. Bc3 Kg8 43. g5 Kf7 44. Ba1 Kf8 45. Kf4 Kg8 46. Bc3 Kf7 47. Ke4 Nf8
48. Be5 Nd7 49. Bd4 Nf8 50. Ke5 Nd7+ 51. Kf4 Nf8 52. Be5 Kg8 53. Ke3 Nd7 54.
Ba1 Kf7 55. Kd4 Nf8 56. Ke4 Nd7 57. Bb2 Kf8 58. Kf4 Kg8 59. Ke3 Kf8 60. Ke4 Kf7
61. Be5 Kf8 62. Kf4 Kf7 63. Bc3 Kf8 64. Ke3 Kg8 65. Kd3 Kf7 66. Bd4 Kg8 67. Ke3
Kf8 68. Bb2 Kg8 69. Kd3 Kf7 70. Bc3 Kg8 71. Ke3 Kf8 72. Kf3 Kg8 73. Ba1 Kh7 74.
Ke4 Kg8 75. Kf4 Kf7 76. Ke3 Nb8 77. Be5 Nd7 78. Bh2 Ke8 79. Ke4 Kf7 80. Kd4 Ke8
81. Bg3 Kf8 82. Bf4 Kf7 83. Be5 Kf8 84. Bg3 Kf7 85. Ke4 Ke8 86. Bf4 Kf7 87. Be3
Kg8 88. Bd2 Kf8 89. Kd4 Kg8 90. Bf4 Kf7 91. Be5 Kf8 92. Ke4 Kf7 93. Bb2 {
Game drawn by the 50 move rule} 1/2-1/2

[Event "ICS rated blitz match"]
[Site "207.99.83.229"]
[Date "1999.07.22"]
[Round "?"]
[White "mundilfari"]
[Black "Hossa"]
[Result "1-0"]
[WhiteElo "2720"]
[BlackElo "2420"]
[PlyCount "87"]
[EventDate "1999.??.??"]

1. d4 d5 2. c4 e6 3. Nc3 Nf6 4. Bg5 c6 5. Nf3 Nbd7 6. e3 Qa5 7. Nd2 Bb4 8. Qc2
Ne4 9. Ndxe4 dxe4 10. Bh4 O-O 11. Be2 c5 12. O-O cxd4 13. exd4 f5 14. a3 Bd6
15. b4 Qc7 16. Nb5 Bxh2+ 17. Kh1 Qb8 18. g3 a6 19. Nc3 g5 20. Bxg5 Bxg3 21. Rg1
Bc7 22. Bh6+ Kf7 23. Rg7+ Ke8 24. Bh5+ Kd8 25. Rxd7+ Bxd7 26. Bxf8 Qa7 27. Rg1
Kc8 28. Rg8 b6 29. Bh6+ Kb7 30. Rg7 Kc8 31. Rxh7 Rb8 32. c5 bxc5 33. bxc5 Bc6
34. Bf7 e3+ 35. Kg1 Kb7 36. Bxe6 exf2+ 37. Qxf2 Ka8 38. Bf4 Rb7 39. Bxc7 Rb8
40. Qxf5 Re8 41. Nd5 Rxe6 42. Qxe6 Bb5 43. Qc8+ Qb8 44. Qxb8# {Hossa checkmated
} 1-0

[Event "ICS Rated blitz match"]
[Site "207.99.83.229"]
[Date "1999.07.22"]
[Round "?"]
[White "Hossa"]
[Black "mundilfari"]
[Result "0-1"]
[WhiteElo "2415"]
[BlackElo "2725"]
[PlyCount "74"]
[EventDate "1999.??.??"]

1. d4 d5 2. c4 e6 3. Nc3 Nf6 4. cxd5 Nxd5 5. e4 Nxc3 6. bxc3 c5 7. Nf3 cxd4 8.
cxd4 Be7 9. Bb5+ Bd7 10. Rb1 O-O 11. Bxd7 Qxd7 12. Ne5 Qc7 13. O-O Nc6 14. Qc2
Rfd8 15. Nxc6 bxc6 16. Bb2 Rac8 17. Rfc1 Qf4 18. Qe2 c5 19. Qe3 Qxe3 20. fxe3
Bg5 21. Re1 cxd4 22. exd4 Rc2 23. a4 Rc4 24. Ra1 Rb8 25. Re2 Rb3 26. Kf1 Be3
27. d5 Rxe4 28. d6 Rd3 29. Rc2 h5 30. Rc6 Rd5 31. g4 Rd2 32. Bc3 Rf2+ 33. Ke1
Rxg4 34. Rc8+ Kh7 35. Kd1 Rg1+ 36. Be1 Rd2+ 37. Kc1 37... Rxe1# {
Hossa checkmated} 0-1

[Event "ICS Rated blitz match"]
[Site "207.99.83.229"]
[Date "1999.07.22"]
[Round "?"]
[White "JudgeTurpin"]
[Black "Hossa"]
[Result "1-0"]
[WhiteElo "2544"]
[BlackElo "2410"]
[PlyCount "27"]
[EventDate "1999.??.??"]

1. d4 d5 2. Nf3 Nf6 3. c4 dxc4 4. e3 b5 5. b3 c5 6. bxc4 bxc4 7. Bxc4 cxd4 8.
O-O Nc6 9. Ba3 Bg4 10. Bb5 Rc8 11. Qa4 Bxf3 12. gxf3 Qb6 13. Rc1 Kd7 14. Bc5 {
Hossa resigns} 1-0

[Event "ICS Rated blitz match"]
[Site "207.99.83.229"]
[Date "1999.07.22"]
[Round "?"]
[White "Hossa"]
[Black "JudgeTurpin"]
[Result "0-1"]
[WhiteElo "2400"]
[BlackElo "2554"]
[PlyCount "79"]
[EventDate "1999.??.??"]

1. e3 g6 2. d4 Bg7 3. e4 d5 4. exd5 Qxd5 5. Be3 Nc6 6. Nc3 Qa5 7. Bb5 Bd7 8.
Qf3 a6 9. Bc4 Nf6 10. Qf4 h6 11. O-O-O g5 12. Qg3 Nh5 13. Qf3 Nf6 14. Ne4 g4
15. Nxf6+ Bxf6 16. Qf4 Qb4 17. Bd5 Qa5 18. Qe4 Nb4 19. Bxb7 Bf5 20. Bc6+ Kf8
21. Bxa8 Nxa2+ 22. Kb1 Nb4 23. b3 Bxe4 24. Bxe4 c5 25. Ne2 Kg7 26. Rhe1 Qa2+
27. Kc1 Rd8 28. Ng3 cxd4 29. Nf5+ Kh8 30. Kd2 Nxc2 31. Bxc2 d3 32. Nd4 dxc2 33.
Rc1 Bxd4 34. Bxd4+ Rxd4+ 35. Kc3 Rd7 36. Re4 Rb7 37. Kd2 Qxb3 38. Rd4 Qb6 39.
Rc4 Qxf2+ 40. Kc3 {Hossa resigns} 0-1

[Event "ICS Rated blitz match"]
[Site "207.99.83.229"]
[Date "1999.07.22"]
[Round "?"]
[White "JudgeTurpin"]
[Black "Hossa"]
[Result "1/2-1/2"]
[WhiteElo "2563"]
[BlackElo "2391"]
[PlyCount "226"]
[EventDate "1999.??.??"]

1. Nf3 Nf6 2. c4 e6 3. g3 d5 4. Bg2 Bd6 5. O-O dxc4 6. d3 cxd3 7. Qxd3 e5 8.
Rd1 Nc6 9. Nh4 Nb4 10. Qc4 O-O 11. a3 Be6 12. Qc3 Na2 13. Qc2 Nxc1 14. Rxc1 Qc8
15. Rd1 Bh3 16. Bf3 Rd8 17. Nc3 c6 18. Ne4 Nxe4 19. Bxe4 g6 20. Rd3 Qe6 21.
Rad1 Be7 22. Rxd8+ Rxd8 23. Rxd8+ Bxd8 24. Nf3 Bf6 25. b4 Qg4 26. Qd3 Qd7 27.
Qb3 Bg7 28. Ng5 Bg4 29. Qd3 Bf6 30. Nf3 Qxd3 31. Bxd3 Bxf3 32. exf3 b6 33. Kf1
a5 34. bxa5 bxa5 35. Ke2 c5 36. Ke3 Bg5+ 37. Ke4 Bc1 38. a4 Bb2 39. g4 Bd4 40.
f4 exf4 41. f3 Be3 42. g5 Kg7 43. Ke5 Bg1 44. h3 Be3 45. Bc4 Bd2 46. Kd5 Bb4
47. Ke5 Be1 48. Ke4 Bg3 49. Ke5 Kf8 50. Kd5 Bh4 51. Kxc5 Bxg5 52. Kd5 Bf6 53.
Bb5 g5 54. Bd3 h6 55. Bf5 h5 56. h4 gxh4 57. Ke4 Bg5 58. Bc8 Ke7 59. Ke5 Bh6
60. Bh3 f6+ 61. Kd5 Kf7 62. Bf5 Bf8 63. Ke4 Bd6 64. Kd5 Ba3 65. Ke4 Bc1 66. Kd5
Kg7 67. Ke6 Bb2 68. Kd6 Kh6 69. Kd5 Kg5 70. Ke4 Bd4 71. Bc8 Bg1 72. Bh3 Be3 73.
Be6 Bf2 74. Bf5 Bc5 75. Bd7 Be7 76. Bc8 Bb4 77. Be6 Bc3 78. Bc8 Bd2 79. Bf5 Bb4
80. Be6 Bd6 81. Bc8 Be5 82. Bh3 Bb8 83. Bf5 Bc7 84. Be6 Bb6 85. Bf5 Bf2 86. Bd7
Be1 87. Bh3 Bd2 88. Bf5 Bc1 89. Bh3 Ba3 90. Bf5 Bf8 91. Bh3 Bh6 92. Bc8 f5+ 93.
Bxf5 Bg7 94. Be6 Bh8 95. Kd5 Bf6 96. Ke4 Bc3 97. Bf5 Bd4 98. Bc8 Bf2 99. Be6
Bc5 100. Bf5 Be3 101. Be6 Kf6 102. Bc8 Bc1 103. Bd7 Kg5 104. Be6 Ba3 105. Bd7
Bb4 106. Be6 Be1 107. Bh3 Bd2 108. Bf5 Bc3 109. Be6 Bb4 110. Bd7 Bd2 111. Bf5
Kf6 112. Bd7 Kg5 113. Bf5 113... Kf6 {Game drawn by repetition} 1/2-1/2

[Event "ICS Rated blitz match"]
[Site "207.99.83.229"]
[Date "1999.07.22"]
[Round "?"]
[White "Hossa"]
[Black "JudgeTurpin"]
[Result "1-0"]
[WhiteElo "2398"]
[BlackElo "2556"]
[PlyCount "145"]
[EventDate "1999.??.??"]

1. d4 d5 2. c4 e5 3. dxe5 d4 4. Nf3 Nc6 5. Bf4 Be6 6. Nbd2 Qd7 7. Qb3 O-O-O 8.
O-O-O Na5 9. Qc2 Bf5 10. Ne4 Nc6 11. Qb1 Nb4 12. Rxd4 Qe6 13. Rxd8+ Kxd8 14. e3
Bxe4 15. Qxe4 Nxa2+ 16. Kb1 Nb4 17. Ng5 Qg4 18. Nxf7+ Ke8 19. Be2 Qxe2 20. Nxh8
Qd3+ 21. Qxd3 Nxd3 22. Bg3 g6 23. Rd1 Nc5 24. Bh4 Ne6 25. Bf6 Nxf6 26. exf6 Bd6
27. f4 Kf8 28. g4 Kg8 29. Nxg6 hxg6 30. h4 Kf7 31. g5 Nc5 32. Kc2 b6 33. Rh1 a5
34. h5 Ne4 35. h6 Kg8 36. f7+ Kh7 37. Rd1 Bb4 38. Rd7 Bf8 39. Rd8 Bc5 40. Kd3
Nf2+ 41. Ke2 Ng4 42. f8=N+ Bxf8 43. Rxf8 Nxh6 44. gxh6 Kxh6 45. Kf3 a4 46. Rh8+
Kg7 47. Rc8 c5 48. Rc7+ Kf8 49. Rb7 b5 50. Rxb5 Ke7 51. Rxc5 Kf7 52. Ra5 Ke6
53. Rxa4 Kf7 54. Ra6 Ke8 55. Rxg6 Kf7 56. c5 Kxg6 57. c6 Kf5 58. c7 Ke6 59.
c8=Q+ Kd5 60. Qa6 Kc5 61. b4+ Kxb4 62. Ke4 Kc3 63. Qa4 Kd2 64. Qc2+ Kxc2 65.
Kd4 Kd2 66. f5 Ke2 67. f6 Kf3 68. f7 Kg4 69. f8=Q Kh4 70. Qg8 Kh5 71. Ke4 Kh4
72. Kf4 Kh5 73. Qh7# {JudgeTurpin checkmated} 1-0

[Event "ICS Rated standard match"]
[Site "207.99.83.229"]
[Date "1999.07.22"]
[Round "?"]
[White "Hossa"]
[Black "JudgeTurpin"]
[Result "0-1"]
[WhiteElo "2200"]
[BlackElo "2432"]
[PlyCount "169"]
[EventDate "1999.??.??"]

1. d4 d5 2. c4 Nc6 3. Nc3 dxc4 4. Nf3 Nf6 5. e4 Bg4 6. Be3 e6 7. Bxc4 Bb4 8.
Qc2 O-O 9. O-O-O Bxf3 10. gxf3 Na5 11. Bd3 Nh5 12. a3 Be7 13. e5 g6 14. Rhg1
Qd7 15. Bh6 Rfd8 16. Be4 Qe8 17. b4 Nc6 18. Qa4 Rxd4 19. Bxc6 Rxd1+ 20. Rxd1
bxc6 21. Ne4 a5 22. bxa5 f6 23. f4 Qc8 24. Ng3 Ng7 25. Bxg7 Kxg7 26. Qxc6 Kh8
27. Qc3 fxe5 28. Ne4 Bf8 29. Ng5 Kg8 30. fxe5 Be7 31. Ne4 c6 32. Nd6 Qf8 33.
Qc4 Bg5+ 34. Kb2 Qxf2+ 35. Ka1 Qf3 36. Qd3 Qxd3 37. Rxd3 Rxa5 38. Nc4 Rd5 39.
Rf3 Rc5 40. Nd6 Rxe5 41. Rb3 Re1+ 42. Ka2 Kf8 43. Rb7 Re2+ 44. Rb2 Rxb2+ 45.
Kxb2 Bf4 46. Ne4 Bxh2 47. a4 Ke7 48. Kc3 h6 49. a5 Bc7 50. a6 Bb6 51. Kd3 Ba7
52. Ke2 e5 53. Kd3 Ke6 54. Kc4 Kd7 55. Nf6+ Kd6 56. Kd3 Ke6 57. Ng4 h5 58. Ne3
Kd6 59. Nc4+ Kd5 60. Nd2 h4 61. Nf1 e4+ 62. Kc2 Kc4 63. Nd2+ Kd4 64. Nf1 h3 65.
Kd2 Kc4 66. Ng3 e3+ 67. Ke2 Kb5 68. Kf3 h2 69. Kg2 Kxa6 70. Ne2 Bb8 71. Kh1 Kb5
72. Nc1 Kc4 73. Kg2 Kc3 74. Ne2+ Kd2 75. Nd4 e2 76. Nf3+ Kc1 77. Kh1 Kd1 78.
Kg2 g5 79. Kh3 h1=Q+ 80. Kg4 Qg2+ 81. Kh5 Qxf3+ 82. Kxg5 e1=N 83. Kg6 Be5 84.
Kg5 Kd2 85. Kg6 {Hossa resigns} 0-1

[Event "ICS Rated blitz match"]
[Site "207.99.83.229"]
[Date "1999.07.22"]
[Round "?"]
[White "bot"]
[Black "Hossa"]
[Result "1-0"]
[WhiteElo "2860"]
[BlackElo "2421"]
[PlyCount "109"]
[EventDate "1999.??.??"]

1. d4 d5 2. c4 e6 3. Nc3 Nf6 4. Bg5 c6 5. e3 Bb4 6. Nf3 c5 7. cxd5 exd5 8. Be2
cxd4 9. Qxd4 Nc6 10. Bb5 Bd7 11. Bxc6 Bxc3+ 12. Qxc3 Bxc6 13. Qe5+ Qe7 14. Bxf6
gxf6 15. Qf4 O-O-O 16. O-O Rd7 17. Rac1 Rc7 18. Rfd1 Kb8 19. Qf5 Qe6 20. Qc2
Qe4 21. Qc3 Qg6 22. Rd4 Rhc8 23. Qb4 Rg8 24. Nh4 Qg5 25. a4 Rgc8 26. Nf3 Qg6
27. a5 Rg8 28. Nh4 Qh6 29. Nf5 Qg5 30. Ng3 Rgc8 31. a6 Ka8 32. axb7+ Bxb7 33.
Rxc7 Rxc7 34. Qf8+ Rc8 35. Qxf7 Qg6 36. Qd7 Qb1+ 37. Nf1 Qxb2 38. Qxh7 Qb5 39.
Rd1 Qc6 40. Qg7 a5 41. h3 Qd6 42. Ng3 Qc6 43. Nh5 d4 44. Rxd4 Qc1+ 45. Kh2 Qf1
46. Rd7 Rb8 47. Nxf6 Qxf2 48. Nd5 Qh4 49. Qc3 Qb4 50. Nxb4 Rc8 51. Qg7 Rc7 52.
Rxc7 Ka7 53. Rxb7+ Ka8 54. Ra7+ Kb8 55. Qb7# {Hossa checkmated} 1-0

[Event "ICS Rated blitz match"]
[Site "207.99.83.229"]
[Date "1999.07.22"]
[Round "?"]
[White "Hossa"]
[Black "mundilfari"]
[Result "0-1"]
[WhiteElo "2419"]
[BlackElo "2730"]
[PlyCount "154"]
[EventDate "1999.??.??"]

1. d4 d5 2. c4 e6 3. Nc3 Nf6 4. cxd5 Nxd5 5. e4 Nxc3 6. bxc3 c5 7. Nf3 cxd4 8.
cxd4 Be7 9. Bb5+ Bd7 10. Rb1 O-O 11. Bxd7 Qxd7 12. Ne5 Qc7 13. O-O Nc6 14. Qc2
Rfd8 15. Nxc6 bxc6 16. Be3 Rac8 17. Qb2 c5 18. Rfc1 c4 19. Qb7 c3 20. Rb3 Qxb7
21. Rxb7 Ba3 22. Rc2 Rb8 23. Rxb8 Rxb8 24. g4 Bb2 25. d5 exd5 26. exd5 Rb5 27.
Bd4 Rxd5 28. Bxc3 Bxc3 29. Rxc3 h5 30. gxh5 Rxh5 31. Re3 f6 32. Re7 Ra5 33. Re2
Kf7 34. Kg2 Kg6 35. h4 Kf5 36. Kg3 g6 37. f3 a6 38. Rh2 Ke6 39. Re2+ Kf7 40.
Kf4 Ra3 41. Kg4 Ra4+ 42. f4 a5 43. Rb2 Ra3 44. Rg2 Ra4 45. Rb2 Kg7 46. Rc2 Kh6
47. Kf3 f5 48. Ke3 Kh5 49. Rg2 Re4+ 50. Kf3 Rc4 51. Rg5+ Kh6 52. h5 Rc3+ 53.
Kg2 gxh5 54. Rxf5 Ra3 55. Rf6+ Kg7 56. Rf5 Kg6 57. Rd5 a4 58. Rd2 Kf5 59. Rf2
h4 60. Rf1 Rxa2+ 61. Kh3 a3 62. Kxh4 Rd2 63. Kg3 Rd3+ 64. Kg2 Rc3 65. Rf2 Rb3
66. Rf1 Kg4 67. Rc1 Rb2+ 68. Kf1 a2 69. Ke1 Rb1 70. Kd1 Kxf4 71. Kc2 Rxc1+ 72.
Kxc1 a1=Q+ 73. Kc2 Ke3 74. Kb3 Kd4 75. Kb4 Qb1+ 76. Ka5 Kc5 77. Ka4 77... Qa2#
{Hossa checkmated} 0-1

[Event "ICS Rated blitz match"]
[Site "207.99.83.229"]
[Date "1999.07.22"]
[Round "?"]
[White "bot"]
[Black "Hossa"]
[Result "1-0"]
[WhiteElo "2864"]
[BlackElo "2414"]
[PlyCount "64"]
[EventDate "1999.??.??"]

1. d4 d5 2. c4 e6 3. Nc3 Nf6 4. Bg5 c6 5. e3 Bb4 6. Qc2 Nbd7 7. Nf3 Qa5 8. Nd2
Ne4 9. Ndxe4 dxe4 10. Bh4 O-O 11. Be2 c5 12. O-O cxd4 13. exd4 f5 14. c5 e5 15.
Nd5 Bd2 16. b4 Bxb4 17. Qc4 Bxc5 18. dxc5 Kh8 19. Be7 Rg8 20. Bd6 Qd2 21. Rfd1
Qg5 22. Rab1 e3 23. Nxe3 Qf6 24. Nd5 Qg5 25. Ne7 Rd8 26. Nxc8 Raxc8 27. Rxb7
Qf6 28. Rxa7 Ra8 29. Rxa8 Rxa8 30. Qd5 Rc8 31. Qb7 Qd8 32. Bxe5 32... Nxe5 {
Hossa resigns} 1-0

[Event "ICS Rated blitz match"]
[Site "207.99.83.229"]
[Date "1999.07.22"]
[Round "?"]
[White "mundilfari"]
[Black "Hossa"]
[Result "1-0"]
[WhiteElo "2738"]
[BlackElo "2412"]
[PlyCount "96"]
[EventDate "1999.??.??"]

1. e4 Nf6 2. Nc3 d5 3. exd5 Nxd5 4. Bc4 e6 5. Nf3 c5 6. O-O Be7 7. Ne5 O-O 8.
Re1 f6 9. Nf3 Nc6 10. d4 cxd4 11. Nxd4 Nxc3 12. bxc3 Ne5 13. Bb3 Qb6 14. Bf4
Rd8 15. Bxe5 fxe5 16. Rxe5 Bf6 17. Re4 Kh8 18. Rb1 e5 19. Qe1 Rf8 20. Nf3 Qc7
21. Nxe5 Bf5 22. Re3 Bg5 23. Re2 Rad8 24. Rd1 Rxd1 25. Qxd1 g6 26. Qd4 Bf6 27.
g4 Bc8 28. g5 Bxe5 29. Rxe5 Qg7 30. Re7 Qxd4 31. cxd4 a6 32. c4 b6 33. c5 bxc5
34. dxc5 Bg4 35. c6 Bh3 36. c7 a5 37. f3 Bc8 38. Be6 Bxe6 39. Rxe6 Rc8 40. Re7
Kg8 41. a4 Kh8 42. Rd7 Rxc7 43. Rxc7 Kg8 44. Re7 Kh8 45. h4 Kg8 46. Ra7 Kh8 47.
Ra8+ Kg7 48. Rxa5 48... Kg8 {Hossa resigns} 1-0

[Event "ICS Rated blitz match"]
[Site "207.99.83.229"]
[Date "1999.07.22"]
[Round "?"]
[White "Hossa"]
[Black "mundilfari"]
[Result "0-1"]
[WhiteElo "2408"]
[BlackElo "2742"]
[PlyCount "103"]
[EventDate "1999.??.??"]

1. d4 d5 2. c4 e6 3. Nc3 Nf6 4. cxd5 Nxd5 5. e4 Nxc3 6. bxc3 c5 7. Nf3 cxd4 8.
cxd4 Be7 9. Bb5+ Bd7 10. Rb1 O-O 11. Bxd7 Qxd7 12. Ne5 Qc7 13. O-O Nc6 14. Qc2
Rfd8 15. Nxc6 bxc6 16. Bb2 Rac8 17. Qa4 c5 18. Rfc1 c4 19. Bc3 Qf4 20. Qxa7 Bg5
21. Ba5 Qxe4 22. Bxd8 Bxc1 23. Rxc1 Rxd8 24. Qc7 Qxd4 25. h3 h5 26. Rxc4 Qa1+
27. Rc1 Qf6 28. Qa5 g6 29. Kf1 Rd3 30. Qb4 Qd8 31. Ke2 Rd7 32. Rc2 Qf6 33. f3
Rd5 34. Rc8+ Kh7 35. Rf8 Kh6 36. Kf2 Qg5 37. f4 Qf5 38. Rh8+ Kg7 39. Rc8 Kh7
40. Rc7 g5 41. g4 hxg4 42. hxg4 Qf6 43. Rc4 Qd8 44. Qb1+ Kg7 45. a4 gxf4 46.
Rxf4 Qh4+ 47. Ke3 Qh3+ 48. Ke2 Qg2+ 49. Ke3 Qd2+ 50. Kf3 Rd3+ 51. Qxd3 Qxd3+
52. Kf2 {Hossa resigns} 0-1

[Event "ICS Rated blitz match"]
[Site "207.99.83.229"]
[Date "1999.07.22"]
[Round "?"]
[White "Hossa"]
[Black "StrongBach"]
[Result "1-0"]
[WhiteElo "2404"]
[BlackElo "1832"]
[PlyCount "71"]
[EventDate "1999.??.??"]

1. d4 d6 2. c4 Bf5 3. Nc3 Bg4 4. f3 Bd7 5. e4 Nc6 6. d5 Nb4 7. Qb3 c5 8. a3 Na6
9. Qxb7 Nc7 10. Rb1 Nf6 11. Bg5 Bc8 12. Qb3 Nd7 13. Bd3 Ne5 14. Qd1 Ba6 15. b3
Nd7 16. Nge2 Nb6 17. O-O Qd7 18. Qd2 Qc8 19. Ng3 Qd8 20. Rbd1 h6 21. Bf4 g5 22.
Be3 Rb8 23. Nce2 Bg7 24. Bc2 Qd7 25. Nf5 Bb2 26. Qa5 Bf6 27. Rfe1 Qd8 28. Bc1
Rb7 29. Qd2 h5 30. Qd3 Qd7 31. Be3 O-O 32. e5 Bxe5 33. Nh6+ Kg7 34. Qh7+ Kf6
35. Ng4+ hxg4 36. Qh6# {StrongBach checkmated} 1-0

[Event "ICS Rated blitz match"]
[Site "207.99.83.229"]
[Date "1999.07.22"]
[Round "?"]
[White "mundilfari"]
[Black "Hossa"]
[Result "1-0"]
[WhiteElo "2746"]
[BlackElo "2405"]
[PlyCount "45"]
[EventDate "1999.??.??"]

1. e4 Nf6 2. Nc3 d5 3. exd5 Nxd5 4. Bc4 e6 5. Nf3 c5 6. O-O Be7 7. Ne5 O-O 8.
Re1 Bf6 9. Qh5 Bxe5 10. Rxe5 Nf6 11. Qe2 Nbd7 12. Rg5 e5 13. d3 a6 14. Qf3 Kh8
15. Nd5 Nxd5 16. Bxd5 Qc7 17. Rf5 Qa5 18. Be3 f6 19. Rh5 g5 20. Qf5 Rf7 21. Qg6
Qb6 22. Rxh7+ Rxh7 23. Qg8# {Hossa checkmated} 1-0

[Event "ICS rated bullet match"]
[Site "207.99.83.229"]
[Date "1999.07.22"]
[Round "?"]
[White "JSBach"]
[Black "Hossa"]
[Result "0-1"]
[WhiteElo "2156"]
[BlackElo "2346"]
[PlyCount "122"]
[EventDate "1999.??.??"]

1. d4 d5 2. Bf4 Nf6 3. Qd3 e6 4. Nf3 Bd6 5. Ne5 O-O 6. Nd2 Nh5 7. Be3 f6 8.
Nef3 c6 9. O-O-O e5 10. Qb3 Qb6 11. dxe5 Qxb3 12. Nxb3 fxe5 13. Bc5 Bxc5 14.
Nxc5 b6 15. g4 bxc5 16. gxh5 e4 17. Ne5 Rxf2 18. h6 gxh6 19. Rg1+ Kh8 20. e3
Be6 21. h3 Rf5 22. Ng4 Rf3 23. Nxh6 Rxe3 24. b3 Nd7 25. h4 Rf8 26. Kd2 Ref3 27.
Be2 R3f6 28. Ng4 Rf4 29. Ne3 Rxh4 30. Kc1 Rh3 31. Ng2 Rf2 32. Rde1 Rg3 33. Bf1
Bh3 34. Re3 Bxg2 35. Rxg3 Rxf1+ 36. Rxf1 Bxf1 37. Re3 Bg2 38. c3 d4 39. Rg3 Bf3
40. Kd2 e3+ 41. Kc2 Ne5 42. cxd4 e2 43. Kd2 Nd3 44. Rg1 e1=Q+ 45. Rxe1 Nxe1 46.
Kxe1 cxd4 47. Kf2 Bd5 48. Ke2 c5 49. Kd2 Be4 50. Ke1 h5 51. Ke2 d3+ 52. Ke3 h4
53. b4 h3 54. bxc5 h2 55. a4 h1=Q 56. Kd2 Qg1 57. a5 Qxc5 58. a6 Qd4 59. Kc1
d2+ 60. Kd1 Bf3+ 61. Kc2 61... d1=Q# {JSBach checkmated} 0-1